000 00734nas a2200241 4500
001 BR7704355
003 BR-BrBNA
005 20231205083228.0
007 ta
008 230509b bl.|||p| |||| 00| 00por d
040 _aBR-BrBNA
_bpor
_cBiblioteca Nacional de Agricultura
041 _a(Pt)
072 _aK10; K50
100 1 _aAnon.
245 1 _aManejo correto na ferramentaria resulta em melhor acabamento [Industria florestal; Madeira]
650 _aINDUSTRIA FLORESTAL
650 _aMADEIRA SERRADA
650 _aFERRAMENTA
650 _aSERRARIA
773 0 _tRevista da Madeira (Brazil)
_xISSN 0034-7582
_g(Oct 1977), v. 26(310) p. 27-31
_wBR7704355
909 _a202311
_bLúcia
_c55
_dLúcia Elande
942 _2AGRIS
_n0
_cANA
999 _c97311
_d97311